Countries by Google auto-complete #2 - Statistics

General Stats
  • This quiz has been taken 172 times
  • The average score is 5 of 10
Answer Stats
Answer % Correct
Why is {Nepal}'s flag shaped like that?
92%
Why does {Romania} speak a romance language?
60%
Why is {Saudi Arabia} fighting in Yemen?
60%
Why does {Guatemala} claim Belize?
58%
Why does {Iran} support hamas?
54%
Why is {Luxembourg} a grand duchy?
50%
Why is {Bhutan} carbon negative?
37%
Why does {Haiti} speak French?
35%
Why does {Nauru} recognize South Ossetia
13%
Why is {Mauritius} hindu?
11%
No matching quizzes found
Score Distribution
Percent of People with Each Score
Percentile by Number Answered
Your Score History
You have not taken this quiz